TH-MS-A Study of MicroRNA146a in Rhcumatold Arthritis as a Potential Biomarker for Diseases Diagnosis (Record no. 480839)

000 -LEADER
fixed length control field 00527nam a22001577a 4500
003 - CONTROL NUMBER IDENTIFIER
control field ASAB
005 - DATE AND TIME OF LATEST TRANSACTION
control field 20180827062836.0
008 - FIXED-LENGTH DATA ELEMENTS--GENERAL INFORMATION
fixed length control field 180510t xxu||||| |||| 00| 0 eng d
040 ## - CATALOGING SOURCE
Transcribing agency ASAB
100 ## - MAIN ENTRY--PERSONAL NAME
Personal name Sami Ullah-sup-Dr. Peter John
9 (RLIN) 3877
245 ## - TITLE STATEMENT
Title TH-MS-A Study of MicroRNA146a in Rhcumatold Arthritis as a Potential Biomarker for Diseases Diagnosis
Statement of responsibility, etc. Sami Ullah-sup-Dr. Peter John
260 ## - PUBLICATION, DISTRIBUTION, ETC.
Place of publication, distribution, etc. Islamabad
Name of publisher, distributor, etc. ASAB (NCVI)
Date of publication, distribution, etc. 2012
300 ## - PHYSICAL DESCRIPTION
Extent xvi, 88 P
Other physical details 30 cm
630 ## - SUBJECT ADDED ENTRY--UNIFORM TITLE
Uniform title Virology and Immunology
9 (RLIN) 3878
942 ## - ADDED ENTRY ELEMENTS (KOHA)
Source of classification or shelving scheme
Koha item type
Holdings
Withdrawn status Lost status Source of classification or shelving scheme Damaged status Not for loan Collection code Permanent Location Current Location Date acquired Total Checkouts Full call number Barcode Date last seen Price effective from Koha item type Shelving location
            Atta-ur-Rahman School of Applied Biosciences (ASAB) Atta-ur-Rahman School of Applied Biosciences (ASAB) 05/10/2018   Thesis 2012 SU ASABms-18-12 05/11/2018 05/10/2018    
            Central Library (CL) Central Library (CL) 01/17/2020   616 CL-T-4659 01/17/2020 01/17/2020 Thesis Thesis
            Central Library (CL) Central Library (CL) 02/03/2020   616 CL-T-4894 02/03/2020 02/03/2020 Thesis Thesis
© 2023 Central Library, National University of Sciences and Technology. All Rights Reserved.